Central Library OPAC University of Rajshahi

Egypt's liberation : (Record no. 27344)

MARC details
000 -LEADER
fixed length control field 00828cam a22002531 4500
001 - CONTROL NUMBER
control field 27344
003 - CONTROL NUMBER IDENTIFIER
rucl marc code BD-RjUL
005 - DATE AND TIME OF LATEST TRANSACTION
control field 20211209051137.0
008 - FIXED-LENGTH DATA ELEMENTS--GENERAL INFORMATION
fixed length control field 140325r19561955dcu 000 0 eng
035 ## - SYSTEM CONTROL NUMBER
System control number (BD-RjUL)27417
System control number (OCoLC)413134
040 ## - CATALOGING SOURCE
Original cataloging agency DLC
Transcribing agency ODaWU
Modifying agency OCoLC
-- DLC
-- BD-RjUL
Language of cataloging eng
041 ## - LANGUAGE CODE
Language code of text/sound track or separate title eng
082 ## - DEWEY DECIMAL CLASSIFICATION NUMBER
Classification number 962
Author mark and year NAE 1956
100 1# - MAIN ENTRY--PERSONAL NAME
Personal name Nasser, Gamal Abdel,
Dates associated with a name 1918-1970.
9 (RLIN) 83979
245 10 - TITLE STATEMENT
Title Egypt's liberation :
Remainder of title the philosophy of the revolution /
Statement of responsibility, etc. [by] Gamal Abdul Nasser. Introd. by Dorothy Thompson.
260 ## - PUBLICATION, DISTRIBUTION, ETC. (IMPRINT)
Place of publication, distribution, etc. Washington :
Name of publisher, distributor, etc. Public Affairs Press,
Date of publication, distribution, etc. c1955 [1956].
300 ## - PHYSICAL DESCRIPTION
Pagination 119 p. ;
Size 20 cm.
651 #0 - SUBJECT ADDED ENTRY--GEOGRAPHIC NAME
Geographic name Egypt
General subdivision History
-- Philosophy.
9 (RLIN) 83980
Geographic name Egypt
General subdivision Politics and government
Chronological subdivision 1952-1970.
9 (RLIN) 83981
942 ## - ADDED ENTRY ELEMENTS (KOHA)
Source of classification or shelving scheme Dewey Decimal Classification
Koha item type Books
Holdings
Lost status Source of classification or shelving scheme Damaged status Not for loan Collection code Permanent Location Current Location Shelving location Date acquired Source of acquisition Cost, normal purchase price Total Checkouts Full call number Date last seen Copy number Koha item type
  Dewey Decimal Classification   Added to bundle Non-fiction Central Library, University of Rajshahi Central Library, University of Rajshahi Reading Room 14/02/1963 Zetlinger 21.00   962 NAE 1956 25/03/2014 C-1 Books